Quick Pick: Non-Country Currency II Quiz Stats

 Plays Quiz not verified by Sporcle

Score 0/10 Timer 01:00
0 Plays Today
% Correct
Pound
84.3%
Turkish Lira
83.6%
Netherlands Antillean Guilder
80.6%
Russian Ruble
76.9%
CFP Franc
64.2%
New Zealand Dollar
61.2%
Eastern Caribbean Dollar
60.4%
Pataca
48.5%
Shilling
44%
US Dollar
32.1%

You're not logged in!

Compare scores with friends on all Sporcle quizzes.
OR
Log In

You Might Also Like...

Show Comments

Extras

Top Quizzes Today


Score Distribution

Your Account Isn't Verified!

In order to create a playlist on Sporcle, you need to verify the email address you used during registration. Go to your Sporcle Settings to finish the process.

Report this User

Report this user for behavior that violates our Community Guidelines.

Details: